<?xml version="1.0" encoding="UTF-8"?>
<record
    xmlns:xsi="http://www.w3.org/2001/XMLSchema-instance"
    xsi:schemaLocation="http://www.loc.gov/MARC21/slim http://www.loc.gov/standards/marcxml/schema/MARC21slim.xsd"
    xmlns="http://www.loc.gov/MARC21/slim">

  <leader>00329nam a22001217a 4500</leader>
  <datafield tag="040" ind1=" " ind2=" ">
    <subfield code="c">sr</subfield>
  </datafield>
  <datafield tag="082" ind1=" " ind2=" ">
    <subfield code="a">658 &#x179F;&#x17BB;&#x1787;&#x1793;&#x200B;&#x200B; 2009 </subfield>
  </datafield>
  <datafield tag="100" ind1=" " ind2=" ">
    <subfield code="a">&#x179F;&#x179A; &#x179F;&#x17BB;&#x1787;&#x1793;</subfield>
  </datafield>
  <datafield tag="245" ind1=" " ind2=" ">
    <subfield code="a">&#x1797;&#x17B6;&#x1796;&#x1787;&#x17B6;&#x17A2;&#x17D2;&#x1793;&#x1780;&#x178A;&#x17B9;&#x1780;&#x1793;&#x17B6;&#x17C6;</subfield>
  </datafield>
  <datafield tag="260" ind1=" " ind2=" ">
    <subfield code="a">&#x1789;&#x17C9;&#x17BC;&#x1799;&#x1780;</subfield>
    <subfield code="b">&#x179F;&#x179A; &#x179F;&#x17BB;&#x1787;&#x1793;</subfield>
    <subfield code="c">&#x17E2;&#x17E0;&#x17E0;&#x17E9;</subfield>
  </datafield>
  <datafield tag="300" ind1=" " ind2=" ">
    <subfield code="a">&#x17E1;&#x17E2;&#x17E1;p.</subfield>
  </datafield>
  <datafield tag="942" ind1=" " ind2=" ">
    <subfield code="c">KB</subfield>
  </datafield>
  <datafield tag="999" ind1=" " ind2=" ">
    <subfield code="c">8363</subfield>
    <subfield code="d">8363</subfield>
  </datafield>
  <datafield tag="952" ind1=" " ind2=" ">
    <subfield code="0">0</subfield>
    <subfield code="1">0</subfield>
    <subfield code="4">0</subfield>
    <subfield code="6">658_000000000000000_&#x179F;&#x17BB;&#x1787;&#x1793;_2009</subfield>
    <subfield code="7">0</subfield>
    <subfield code="9">48140</subfield>
    <subfield code="a">LBC</subfield>
    <subfield code="b">LBC</subfield>
    <subfield code="d">2016-07-25</subfield>
    <subfield code="o">658 &#x179F;&#x17BB;&#x1787;&#x1793;&#x200B;&#x200B; 2009</subfield>
    <subfield code="p">RUA045667</subfield>
    <subfield code="r">2016-07-25</subfield>
    <subfield code="w">2016-07-25</subfield>
    <subfield code="y">KB</subfield>
  </datafield>
</record>
